[Event "Bayern-chTT (RL Sued-Ost)"]
[Site "Bayern 2008/09"]
[Date "2008.10.26"]
[Round "2.2"]
[White "Poetsch, Klaus"]
[Black "Nurbekoglu, Michael"]
[Result "1/2-1/2"]
[WhiteElo "2140"]
[BlackElo "2038"]
[PlyCount "82"]
[EventDate "2009.03.??"]
[EventType "team-tourn"]
[EventRounds "9"]
[WhiteTeam "Waldkraiburg 1"]
[BlackTeam "Landshut 1"]

1. d4 Nf6 2. Nf3 d5 3. c4 e6 4. Bg5 Nbd7 5. Nc3 c6 6. Rc1 Be7 7. e3 O-O 8. Bd3
h6 9. Bh4 dxc4 10. Bxc4 Nd5 11. Bg3 Nxc3 12. bxc3 c5 13. O-O Nb6 14. Bd3 Bd7
15. Bb1 c4 16. Qc2 f5 17. Ne5 Ba4 18. Qd2 Ba3 19. Rce1 Qf6 20. f4 Rac8 21. e4
Rfd8 22. Qe2 Be8 23. Qf2 Be7 24. exf5 exf5 25. Nf3 Qf8 26. Re5 g6 27. Rfe1 Nd5
28. Qc2 Bf6 29. R5e2 Qa3 30. Rc1 b5 31. Ne5 b4 32. cxb4 Nxb4 33. Qb2 Qxb2 34.
Rxb2 Nd3 35. Bxd3 cxd3 36. Rxc8 Rxc8 37. Rd2 Bb5 38. Kf2 Kg7 39. Ke3 Bxe5 40.
fxe5 g5 41. Bf2 Rd8 1/2-1/2

[Event "Bayern-chTT (RL Sued-Ost)"]
[Site "Bayern 2008/09"]
[Date "2008.10.26"]
[Round "2.3"]
[White "Schmaus, Horst(56)"]
[Black "Jergler, Karl-Heinz"]
[Result "1/2-1/2"]
[WhiteElo "2033"]
[BlackElo "2116"]
[PlyCount "52"]
[EventDate "2009.03.??"]
[EventType "team-tourn"]
[EventRounds "9"]
[WhiteTeam "Landshut 1"]
[BlackTeam "Waldkraiburg 1"]

1. e4 c5 2. Nf3 Nc6 3. Nc3 g6 4. d4 cxd4 5. Nxd4 Bg7 6. Be3 Nf6 7. Bc4 Qa5 8.
O-O O-O 9. Nb3 Qc7 10. f4 d6 11. Be2 b6 12. g4 Bb7 13. g5 Nd7 14. Nd5 Qd8 15.
Rb1 Nc5 16. Bf3 e6 17. Nc3 Qe7 18. Qd2 f5 19. exf5 Rxf5 20. Rbe1 Nxb3 21. axb3
Rf7 22. Nb5 Rd8 23. Nd4 Nxd4 24. Bxd4 Bxd4+ 25. Qxd4 Bxf3 26. Rxf3 Rdf8 1/2-1/2

[Event "Bayern-chTT (RL Sued-Ost)"]
[Site "Bayern 2008/09"]
[Date "2008.10.26"]
[Round "2.4"]
[White "Hauschild, Helmut"]
[Black "Schmidt, Wolfgang(12.62)"]
[Result "1/2-1/2"]
[WhiteElo "2109"]
[BlackElo "2276"]
[PlyCount "36"]
[EventDate "2009.03.??"]
[EventType "team-tourn"]
[EventRounds "9"]
[WhiteTeam "Waldkraiburg 1"]
[BlackTeam "Landshut 1"]

1. e4 c5 2. d3 Nc6 3. g3 g6 4. Bg2 Bg7 5. f4 e6 6. Nf3 Nge7 7. O-O O-O 8. c3
Rb8 9. Be3 b6 10. Bf2 d6 11. Re1 Qc7 12. Na3 b5 13. Qd2 b4 14. Nc4 bxc3 15.
bxc3 Ba6 16. g4 d5 17. Nce5 Nxe5 18. Nxe5 Rfd8 1/2-1/2

[Event "Bayern-chTT (RL Sued-Ost)"]
[Site "Bayern 2008/09"]
[Date "2008.10.26"]
[Round "2.5"]
[White "Wist, Alexander"]
[Black "Loew, Peter"]
[Result "0-1"]
[WhiteElo "2079"]
[BlackElo "2039"]
[PlyCount "108"]
[EventDate "2009.03.??"]
[EventType "team-tourn"]
[EventRounds "9"]
[WhiteTeam "Landshut 1"]
[BlackTeam "Waldkraiburg 1"]

1. e4 g6 2. h4 d5 3. e5 Bg7 4. d4 c5 5. c3 h5 6. Nf3 Nc6 7. Bb5 Qa5 8. Qa4 Qxa4
9. Bxa4 Bg4 10. Nbd2 cxd4 11. Nxd4 Bd7 12. Nxc6 Bxc6 13. Bxc6+ bxc6 14. Nf3 e6
15. Be3 Ne7 16. Bc5 Nf5 17. O-O Bf8 18. b4 Be7 19. g3 Bxc5 20. bxc5 Rb8 21.
Rfb1 Ke7 22. Rb3 Rb5 23. Rab1 Rhb8 24. Kf1 a6 25. Ke2 Kd7 26. Ng5 Ke7 27. Kd3
Nh6 28. c4 dxc4+ 29. Kxc4 Ng4 30. f4 Ne3+ 31. Kd3 Nf5 32. Ne4 Rd8+ 33. Nd6 Nxg3
34. Kc4 Nf5 35. Nxf5+ exf5 36. a4 Rxb3 37. Rxb3 Rd1 38. Rb6 Rf1 39. Rxc6 Rxf4+
40. Kd5 Rxa4 41. Rc7+ Ke8 42. c6 Ra1 43. Rc8+ Ke7 44. Ra8 Rd1+ 45. Kc5 Rc1+ 46.
Kb6 Rb1+ 47. Kxa6 f4 48. Ra7+ Ke6 49. Rb7 Rc1 50. c7 f3 51. Rb3 Rxc7 52. Rxf3
Kxe5 53. Kb6 Rc4 54. Rxf7 Rxh4 0-1

[Event "Bayern-chTT (RL Sued-Ost)"]
[Site "Bayern 2008/09"]
[Date "2008.10.26"]
[Round "2.6"]
[White "Guenes, Erdogan"]
[Black "Neubauer, Andreas(78)"]
[Result "1-0"]
[WhiteElo "1970"]
[BlackElo "2056"]
[PlyCount "103"]
[EventDate "2009.03.??"]
[EventType "team-tourn"]
[EventRounds "9"]
[WhiteTeam "Waldkraiburg 1"]
[BlackTeam "Landshut 1"]

1. c4 e5 2. e4 g6 3. Nc3 Bg7 4. h4 h6 5. d3 Ne7 6. h5 g5 7. g4 c6 8. Bg2 d6 9.
Nh3 Nd7 10. Be3 Nf6 11. f3 d5 12. cxd5 cxd5 13. Bc5 d4 14. Ne2 O-O 15. Qd2 Nd7
16. Ba3 Bf6 17. O-O Re8 18. Ng3 Nf8 19. Rfc1 Bd7 20. Rc2 Nc6 21. Nf5 Bxf5 22.
exf5 Nd7 23. Nf2 Nb6 24. Ne4 Be7 25. Bxe7 Qxe7 26. f6 Qf8 27. Nxg5 hxg5 28.
Qxg5+ Kh8 29. f4 exf4 30. Be4 Nd8 31. Qf5 Rxe4 32. Qxe4 Ne6 33. Qxb7 Rd8 34.
Rac1 Qd6 35. Qxf7 f3 36. Rh2 Rf8 37. Qe7 Qe5 38. Rf1 Rxf6 39. g5 Qxg5+ 40. Kh1
Nd5 41. Qe8+ Nf8 42. Rg1 Qf5 43. Rf2 Ne3 44. Qe7 Ne6 45. Rg3 Ng4 46. Rxg4 Ng5
47. Qd8+ Kh7 48. Qxd4 Kh6 49. Kh2 Kxh5 50. Kg3 a6 51. Rh2+ Kg6 52. Qe4 1-0

[Event "Bayern-chTT (RL Sued-Ost)"]
[Site "Bayern 2008/09"]
[Date "2008.10.26"]
[Round "2.7"]
[White "Schubert, Josef(59)"]
[Black "Hauschild, Rudolf jr(55)"]
[Result "1-0"]
[WhiteElo "1932"]
[BlackElo "1812"]
[PlyCount "55"]
[EventDate "2009.03.??"]
[EventType "team-tourn"]
[EventRounds "9"]
[WhiteTeam "Landshut 1"]
[BlackTeam "Waldkraiburg 1"]

1. e4 g6 2. d4 d6 3. Nc3 Bg7 4. f4 Nd7 5. Nf3 c5 6. d5 a6 7. a4 Qc7 8. g3 Ngf6
9. Bg2 O-O 10. O-O Rb8 11. Qe2 Ne8 12. Bd2 e5 13. dxe6 fxe6 14. Bh3 Nb6 15. a5
Na8 16. Ng5 Qe7 17. f5 Bd4+ 18. Kh1 Kg7 19. fxe6 Bxc3 20. Bxc3+ Nf6 21. e5 dxe5
22. Bxe5 Nc7 23. Rxf6 Rxf6 24. Rf1 Ne8 25. Bxb8 Rxf1+ 26. Qxf1 b5 27. Qf7+ Qxf7
28. exf7 1-0

[Event "Bayern-chTT (RL Sued-Ost)"]
[Site "Bayern 2008/09"]
[Date "2008.10.26"]
[Round "2.8"]
[White "Mertz, Waldemar"]
[Black "Kunz, Heinz(65)"]
[Result "1/2-1/2"]
[WhiteElo "1872"]
[BlackElo "1856"]
[PlyCount "107"]
[EventDate "2009.03.??"]
[EventType "team-tourn"]
[EventRounds "9"]
[WhiteTeam "Waldkraiburg 1"]
[BlackTeam "Landshut 1"]

1. e4 d5 2. exd5 Qxd5 3. Nc3 Qa5 4. Nf3 Nf6 5. d4 Bf5 6. Bd3 c6 7. O-O e6 8.
Ne5 Bxd3 9. Qxd3 Nbd7 10. Nxd7 Nxd7 11. Bf4 Nf6 12. a3 Be7 13. b4 Qd8 14. Be5
O-O 15. h3 Nd5 16. Ne4 f6 17. Bh2 b5 18. Rfe1 Nb6 19. Nc5 Bxc5 20. bxc5 Nc4 21.
Rxe6 Qd7 22. Rae1 Rfe8 23. Rxe8+ Rxe8 24. Ra1 Qe6 25. Bg3 Qe2 26. a4 a6 27.
axb5 axb5 28. Qxe2 Rxe2 29. d5 cxd5 30. c6 Re8 31. Rd1 Rc8 32. c7 Ne5 33. Bxe5
fxe5 34. Rxd5 Rxc7 35. Rxb5 Rxc2 36. Rxe5 Rc1+ 37. Kh2 Kf7 38. Ra5 Rc2 39. Kg3
Rb2 40. Ra6 Rb5 41. h4 Rb3+ 42. f3 Rb4 43. h5 Rb5 44. Kg4 Rb4+ 45. f4 Rb2 46.
g3 Rb5 47. Kh4 Rb1 48. g4 Rb4 49. h6 gxh6 50. Rxh6 Kg7 51. Kg5 Rxf4 52. Rxh7+
Kxh7 53. Kxf4 Kg6 54. g5 1/2-1/2

[Event "Bayern-chTT (RL Sued-Ost)"]
[Site "Bayern 2008/09"]
[Date "2008.10.26"]
[Round "2.1"]
[White "Huch, Reiner"]
[Black "Klinger, Sebastian"]
[Result "1-0"]
[WhiteElo "2251"]
[BlackElo "2174"]
[PlyCount "77"]
[EventDate "2009.03.??"]
[EventType "team-tourn"]
[EventRounds "9"]
[WhiteTeam "Trostberg 1"]
[BlackTeam "Freising 1"]

1. Nf3 g6 2. c4 Bg7 3. g3 d6 4. Bg2 e5 5. O-O Nf6 6. Nc3 O-O 7. d3 a5 8. h3 h6
9. Be3 c5 10. Nd2 Nc6 11. Nd5 Nd4 12. Nxf6+ Qxf6 13. Ne4 Qe7 14. Nc3 Be6 15.
Nd5 Bxd5 16. Bxd5 Rab8 17. Bd2 b5 18. e3 Ne6 19. Bxa5 bxc4 20. dxc4 e4 21. Bxe4
Rxb2 22. Bd5 Qa7 23. Qe1 Rc2 24. Rb1 Rb8 25. a4 Nc7 26. Rxb8+ Qxb8 27. Bxc7
Qxc7 28. Qb1 Rd2 29. Qb5 Rb2 30. Qe8+ Bf8 31. Ra1 Rb8 32. Qe4 Kh7 33. Rb1 Kg7
34. Rxb8 Qxb8 35. a5 Qa7 36. Qe8 h5 37. Qxf7+ Qxf7 38. Bxf7 d5 39. a6 1-0

[Event "Bayern-chTT (RL Sued-Ost)"]
[Site "Bayern 2008/09"]
[Date "2008.10.26"]
[Round "2.2"]
[White "Zill, Christoph"]
[Black "Besner, Bernhard"]
[Result "1/2-1/2"]
[WhiteElo "2157"]
[BlackElo "2167"]
[PlyCount "112"]
[EventDate "2009.03.??"]
[EventType "team-tourn"]
[EventRounds "9"]
[WhiteTeam "Freising 1"]
[BlackTeam "Trostberg 1"]

1. e4 d5 2. exd5 Qxd5 3. Nc3 Qa5 4. d4 Nf6 5. Bc4 Nc6 6. d5 Nb4 7. a3 c6 8. Bd2
Qc5 9. axb4 Qxc4 10. dxc6 bxc6 11. Ra4 Bd7 12. Nge2 Qg4 13. O-O e5 14. b5 Qe6
15. Ra6 Bd6 16. bxc6 Bc8 17. Ra4 O-O 18. Nb5 Bc5 19. Nec3 Qxc6 20. Qf3 Qxf3 21.
gxf3 Bb7 22. Be3 Bb6 23. Kg2 Bc6 24. Ra6 Bb7 25. Ra3 e4 26. f4 Rad8 27. Nxa7
Bxe3 28. fxe3 Ng4 29. Re1 Rd2+ 30. Re2 Nxe3+ 31. Kf2 Rxe2+ 32. Nxe2 Nxc2 33.
Rc3 Nb4 34. Rb3 Nd3+ 35. Ke3 Bd5 36. Rb6 f5 37. Nc3 Bf7 38. Nc6 g6 39. b4 Ne1
40. Ne7+ Kg7 41. Ne2 Rd8 42. Rb7 Nc2+ 43. Kf2 Rd2 44. Nc6 Kf6 45. Ne5 Be6 46.
Rb6 Nd4 47. Ke3 Rxe2+ 48. Kxd4 Rd2+ 49. Ke3 Rxh2 50. Nd7+ Ke7 51. Nc5 Bc8 52.
Rc6 Kd8 53. b5 Rh3+ 54. Ke2 Rh2+ 55. Ke3 Rb2 56. b6 Rb5 1/2-1/2

[Event "Bayern-chTT (RL Sued-Ost)"]
[Site "Bayern 2008/09"]
[Date "2008.10.26"]
[Round "2.3"]
[White "Hartl, Aldo"]
[Black "Knitl, Anton"]
[Result "0-1"]
[WhiteElo "2076"]
[BlackElo "2144"]
[PlyCount "70"]
[EventDate "2009.03.??"]
[EventType "team-tourn"]
[EventRounds "9"]
[WhiteTeam "Trostberg 1"]
[BlackTeam "Freising 1"]

1. Nf3 d5 2. g3 c6 3. Bg2 Bg4 4. Ne5 Bf5 5. d4 Nd7 6. Nd3 e6 7. Nd2 Ngf6 8. O-O
Qb6 9. c3 Bd6 10. Re1 O-O 11. e4 Bg6 12. Qe2 Qa6 13. f3 c5 14. Nf2 Qxe2 15.
Rxe2 cxd4 16. cxd4 dxe4 17. fxe4 Bh5 18. Bf3 Bxf3 19. Nxf3 Bc7 20. Be3 Bb6 21.
Rc1 Rac8 22. Rxc8 Rxc8 23. Kf1 h6 24. Ke1 Rd8 25. Rc2 Nb8 26. Ke2 Nc6 27. Rc4
Ne8 28. e5 Nc7 29. a4 Nd5 30. Ne4 Na5 31. Rc2 Rd7 32. Rc8+ Kh7 33. Nd6 Nc6 34.
Nxb7 Nxd4+ 35. Bxd4 Rxb7 0-1

[Event "Bayern-chTT (RL Sued-Ost)"]
[Site "Bayern 2008/09"]
[Date "2008.10.26"]
[Round "2.4"]
[White "Bauer, Robert(67)"]
[Black "Moser, Wolfgang(48)"]
[Result "1-0"]
[WhiteElo "2060"]
[BlackElo "2063"]
[PlyCount "91"]
[EventDate "2009.03.??"]
[EventType "team-tourn"]
[EventRounds "9"]
[WhiteTeam "Freising 1"]
[BlackTeam "Trostberg 1"]

1. e4 c5 2. Nf3 d6 3. d4 cxd4 4. Nxd4 Nf6 5. Nc3 a6 6. Be3 b5 7. f3 e5 8. Nb3
Bb7 9. Qd2 Be7 10. g4 Nbd7 11. O-O-O b4 12. Ne2 a5 13. Kb1 a4 14. Nbc1 b3 15.
axb3 axb3 16. Nxb3 Qc7 17. Nc3 O-O 18. g5 Nh5 19. Nd5 Bxd5 20. exd5 Nb6 21. Bb5
Qa7 22. c3 Qa2+ 23. Kc2 Na4 24. Rb1 Rab8 25. Nc1 Qxb1+ 26. Kxb1 Rxb5 27. b4 Rc8
28. Na2 Nb6 29. Bxb6 Rxb6 30. Rc1 Nf4 31. h4 Ra8 32. Rc2 f6 33. gxf6 Bxf6 34.
Nc1 Ra3 35. Ra2 Rxa2 36. Kxa2 Bxh4 37. Ne2 Bf6 38. Nxf4 exf4 39. Qxf4 Be7 40.
Qe3 Ra6+ 41. Kb3 Kf8 42. b5 Ra8 43. Qe6 Rd8 44. Kb4 Ra8 45. b6 Bd8 46. Kb5 1-0

[Event "Bayern-chTT (RL Sued-Ost)"]
[Site "Bayern 2008/09"]
[Date "2008.10.26"]
[Round "2.5"]
[White "Endthaler, Arnold"]
[Black "Trapp, Maximilian"]
[Result "1-0"]
[WhiteElo "2042"]
[BlackElo "2102"]
[PlyCount "89"]
[EventDate "2009.03.??"]
[EventType "team-tourn"]
[EventRounds "9"]
[WhiteTeam "Trostberg 1"]
[BlackTeam "Freising 1"]

1. Nf3 d5 2. d4 Nf6 3. c4 c6 4. Nc3 e6 5. e3 Nbd7 6. cxd5 exd5 7. Bd3 Bd6 8.
Qc2 O-O 9. Bd2 Re8 10. O-O Nf8 11. h3 Qe7 12. a4 Ne4 13. Be1 f5 14. a5 a6 15.
Na4 g5 16. Ne5 Bxe5 17. dxe5 Qxe5 18. Nb6 Rb8 19. Ra4 Nd7 20. Bxe4 Nxb6 21.
axb6 fxe4 22. Bc3 Qe7 23. Qd2 Qc5 24. Bd4 Qb5 25. Ra5 Qd3 26. Qb4 Re6 27. Qa4
h6 28. Rd1 Qe2 29. Bc3 Qh5 30. Qd4 Qg6 31. Qh8+ Kf7 32. Rf1 Re8 33. Qd4 g4 34.
h4 Bf5 35. g3 Rbd8 36. b4 Qh7 37. Kg2 Re6 38. Kg1 Rf8 39. Kg2 Kg6 40. Kg1 Qe7
41. Qc5 Qd7 42. Qxf8 Re8 43. Qf6+ Kh7 44. Raa1 Re7 45. h5 1-0

[Event "Bayern-chTT (RL Sued-Ost)"]
[Site "Bayern 2008/09"]
[Date "2008.10.26"]
[Round "2.6"]
[White "Dost, Andreas"]
[Black "Huber, Hans"]
[Result "1-0"]
[WhiteElo "2012"]
[BlackElo "1921"]
[PlyCount "93"]
[EventDate "2009.03.??"]
[EventType "team-tourn"]
[EventRounds "9"]
[WhiteTeam "Freising 1"]
[BlackTeam "Trostberg 1"]

1. c4 Nf6 2. Nf3 g6 3. g3 Bg7 4. Nc3 d6 5. d4 Nbd7 6. Bg2 O-O 7. O-O e5 8. h3
h6 9. e4 c6 10. Be3 Qe7 11. Re1 Re8 12. Qc2 b6 13. Rad1 Bb7 14. b4 Red8 15. Qb3
Rac8 16. d5 c5 17. a3 Kh7 18. Nd2 Nh5 19. Bf3 Bf6 20. Nb5 a6 21. Na7 Rc7 22. b5
Bxd5 23. cxd5 Rxa7 24. bxa6 Rxa6 25. Be2 Ra7 26. Bb5 Ng7 27. Nc4 Ne8 28. Nxb6
Nxb6 29. Bxe8 Qxe8 30. Qxb6 Rxa3 31. Bxc5 dxc5 32. Qxf6 Ra7 33. Rb1 Qe7 34. Qb6
Rc7 35. Red1 Rd6 36. Qa5 f5 37. Rb6 fxe4 38. Rb8 Qd7 39. Qa8 Qg7 40. Rc8 c4 41.
Qb8 Rcd7 42. Ra1 Rxd5 43. Ra8 Qf7 44. Rh8+ Kg7 45. Rh7+ Kf6 46. Rxf7+ Kxf7 47.
Qf8+ 1-0

[Event "Bayern-chTT (RL Sued-Ost)"]
[Site "Bayern 2008/09"]
[Date "2008.10.26"]
[Round "2.7"]
[White "Odak, Vladko"]
[Black "Benischek, Wolfgang"]
[Result "0-1"]
[WhiteElo "1675"]
[BlackElo "1953"]
[PlyCount "50"]
[EventDate "2009.03.??"]
[EventType "team-tourn"]
[EventRounds "9"]
[WhiteTeam "Trostberg 1"]
[BlackTeam "Freising 1"]

1. d4 Nf6 2. Nf3 g6 3. Bg5 Bg7 4. e4 Nxe4 5. Bd3 Nxg5 6. Nxg5 e5 7. Nf3 exd4 8.
O-O O-O 9. Be4 d5 10. Bd3 c5 11. c3 c4 12. Bc2 d3 13. Bxd3 cxd3 14. Qxd3 Nc6
15. Nbd2 Bf5 16. Qe3 Re8 17. Qf4 Qf6 18. Nb3 Be4 19. Qxf6 Bxf6 20. Nbd4 Nxd4
21. Nxd4 Bxd4 22. cxd4 Rac8 23. b3 Rc2 24. Rfe1 Rec8 25. f3 Bf5 0-1

[Event "Bayern-chTT (RL Sued-Ost)"]
[Site "Bayern 2008/09"]
[Date "2008.10.26"]
[Round "2.8"]
[White "Wolf, Dietrich Hans(36)"]
[Black "Reisser, Simon"]
[Result "1/2-1/2"]
[WhiteElo "1938"]
[BlackElo "1622"]
[PlyCount "53"]
[EventDate "2009.03.??"]
[EventType "team-tourn"]
[EventRounds "9"]
[WhiteTeam "Freising 1"]
[BlackTeam "Trostberg 1"]

1. e4 e5 2. Nf3 Nc6 3. Bc4 Bc5 4. c3 Nf6 5. d3 d6 6. O-O Bg4 7. Nbd2 h5 8. b4
Bb6 9. Qb3 Qe7 10. a4 a6 11. a5 Ba7 12. h3 Nd7 13. Re1 Nd8 14. d4 Ne6 15. dxe5
dxe5 16. Ba3 Nf4 17. h4 Qf6 18. Rf1 Nh3+ 19. gxh3 Bxf3 20. Bxf7+ Kd8 21. Qe6
Qf4 22. Nxf3 Qg3+ 23. Kh1 Qxf3+ 24. Kh2 Rf8 25. Bg6 Bxf2 26. Bf5 Qg3+ 27. Kh1
1/2-1/2

[Event "Bayern-chTT (RL Sued-Ost)"]
[Site "Bayern 2008/09"]
[Date "2008.10.26"]
[Round "2.1"]
[White "Riedel, Wolfgang(52)"]
[Black "Lammers, Markus"]
[Result "1/2-1/2"]
[WhiteElo "2209"]
[BlackElo "2284"]
[PlyCount "36"]
[EventDate "2009.03.??"]
[EventType "team-tourn"]
[EventRounds "9"]
[WhiteTeam "Gräfelfing 1"]
[BlackTeam "Ilmmünster 1"]

1. d4 Nf6 2. c4 e6 3. Nc3 Bb4 4. e3 O-O 5. Nge2 c5 6. a3 cxd4 7. axb4 dxc3 8.
bxc3 d6 9. Nd4 a6 10. Be2 b6 11. O-O Bb7 12. f3 Nbd7 13. e4 h6 14. Nc2 Qc7 15.
Ne3 Rfe8 16. Rf2 Rad8 17. Qc2 Nh5 18. Bf1 Nf4 1/2-1/2

[Event "Bayern-chTT (RL Sued-Ost)"]
[Site "Bayern 2008/09"]
[Date "2008.10.26"]
[Round "2.2"]
[White "Huber, Edwin(70)"]
[Black "Gesing, Oliver"]
[Result "0-1"]
[WhiteElo "2061"]
[BlackElo "2079"]
[PlyCount "114"]
[EventDate "2009.03.??"]
[EventType "team-tourn"]
[EventRounds "9"]
[WhiteTeam "Ilmmünster 1"]
[BlackTeam "Gräfelfing 1"]

1. d4 d5 2. e4 e6 3. Nc3 Bb4 4. e5 c5 5. Qg4 Ne7 6. dxc5 Nbc6 7. Qxg7 Rg8 8.
Qxh7 d4 9. a3 Qa5 10. Rb1 dxc3 11. Be3 cxb2+ 12. axb4 Qxb4+ 13. Bd2 Qxc5 14.
Qe4 Qa3 15. c3 Bd7 16. f4 Nd5 17. Qc2 Qc5 18. Qd3 O-O-O 19. Rxb2 Be8 20. Qb5
Qe7 21. Qe2 Qa3 22. Rc2 Na5 23. Nf3 Ba4 24. Rc1 Nb3 25. Rb1 Kb8 26. Qe4 Bc6 27.
Nd4 Nxd2 28. Nxc6+ Ka8 29. Qc2 Ne3 30. Qb2 Nxb1 31. Qxa3 Nc2+ 32. Kf2 Rd2+ 33.
Kf3 Nbxa3 34. Na5 Rc8 35. c4 Rd1 36. h4 Re1 37. h5 b6 38. Nb3 Re3+ 39. Kg4 Rxb3
40. Kg5 Ne3 41. Rh3 a5 42. h6 a4 43. Be2 Nf5 44. Bf3+ Ka7 45. g4 Rg8+ 46. Kf6
Nxh6 47. g5 Rg6+ 48. Ke7 Nxc4 49. gxh6 Rxf3 50. Rxf3 Rxh6 51. Kxf7 a3 52. Rf1
b5 53. Kg7 Rh4 54. Kf6 Ne3 55. Ra1 Rxf4+ 56. Kxe6 Nc2 57. Ra2 Rf2 0-1

[Event "Bayern-chTT (RL Sued-Ost)"]
[Site "Bayern 2008/09"]
[Date "2008.10.26"]
[Round "2.3"]
[White "Hofmann, Juergen(59)"]
[Black "Loder, Wilhelm"]
[Result "1-0"]
[WhiteElo "2168"]
[BlackElo "2096"]
[PlyCount "97"]
[EventDate "2009.03.??"]
[EventType "team-tourn"]
[EventRounds "9"]
[WhiteTeam "Gräfelfing 1"]
[BlackTeam "Ilmmünster 1"]

1. e4 c5 2. Nf3 e6 3. d4 cxd4 4. Nxd4 a6 5. Nc3 Qc7 6. f4 b5 7. Qf3 Bb7 8. Bd3
Nf6 9. Bd2 Nc6 10. Nxc6 Bxc6 11. O-O-O Qb7 12. Rde1 b4 13. Nd1 Bc5 14. f5 O-O
15. Bg5 Be7 16. Nf2 d6 17. Qh3 e5 18. Re3 Bb5 19. Rd1 Rfc8 20. Qh4 Kf8 21. Ng4
Nxg4 22. Qxg4 Bxg5 23. Qxg5 f6 24. Qh5 Kg8 25. Rh3 h6 26. Qe2 Rc6 27. Kb1 Rac8
28. Rd2 Bc4 29. g4 Bf7 30. Rg3 a5 31. h4 a4 32. g5 hxg5 33. hxg5 Kf8 34. Bb5
Rc5 35. Ba6 Qb6 36. Bxc8 Rxc8 37. gxf6 gxf6 38. Qd3 Rc6 39. Qe3 Qb5 40. Qe2 Qc5
41. Rd1 Bh5 42. Qg2 Bf7 43. Rh1 Qc4 44. b3 axb3 45. axb3 Qd4 46. Rg7 Bh5 47.
Rg8+ Ke7 48. Qg7+ Bf7 49. Qf8+ 1-0

[Event "Bayern-chTT (RL Sued-Ost)"]
[Site "Bayern 2008/09"]
[Date "2008.10.26"]
[Round "2.4"]
[White "Seisenberger, Georg"]
[Black "Luft, Martin"]
[Result "1/2-1/2"]
[WhiteElo "2051"]
[BlackElo "2109"]
[PlyCount "63"]
[EventDate "2009.03.??"]
[EventType "team-tourn"]
[EventRounds "9"]
[WhiteTeam "Ilmmünster 1"]
[BlackTeam "Gräfelfing 1"]

1. e4 c5 2. Nf3 e6 3. d4 cxd4 4. Nxd4 a6 5. Nc3 Qc7 6. Be2 Nf6 7. O-O Be7 8.
Be3 O-O 9. f4 d6 10. Qe1 b5 11. a3 Nbd7 12. Qg3 Rd8 13. Bd3 Bb7 14. Rae1 Nc5
15. e5 Nfd7 16. Qh3 Nf8 17. Nf3 Nxd3 18. cxd3 dxe5 19. fxe5 Rxd3 20. Kh1 Ng6
21. Qh5 h6 22. Bg1 Rad8 23. Qg4 Qc4 24. Ne4 Bxe4 25. Rxe4 Qb3 26. Nd4 Qd5 27.
Qe2 Qc4 28. Nf5 Qb3 29. Nd4 Qc4 30. Nf5 Qb3 31. Nd4 Qc4 32. Nf5 1/2-1/2

[Event "Bayern-chTT (RL Sued-Ost)"]
[Site "Bayern 2008/09"]
[Date "2008.10.26"]
[Round "2.5"]
[White "Wuerdinger, Alexander"]
[Black "Reischl, Markus"]
[Result "1-0"]
[WhiteElo "2074"]
[BlackElo "2058"]
[PlyCount "57"]
[EventDate "2009.03.??"]
[EventType "team-tourn"]
[EventRounds "9"]
[WhiteTeam "Gräfelfing 1"]
[BlackTeam "Ilmmünster 1"]

1. e4 c5 2. Nc3 e6 3. Nf3 d6 4. d4 cxd4 5. Nxd4 Nf6 6. g4 a6 7. g5 Nfd7 8. Bc4
Nc5 9. a4 Nc6 10. Be3 Qc7 11. O-O Bd7 12. Nf3 Be7 13. Qe2 Rc8 14. Rfd1 Nb4 15.
Bd3 O-O 16. Nd4 Rfe8 17. f4 Bf8 18. Qf2 e5 19. fxe5 dxe5 20. Bc4 Ne6 21. Bxe6
Bxe6 22. Nf5 Bc5 23. Bxc5 Qxc5 24. Nd6 Qxf2+ 25. Kxf2 Nxc2 26. Rac1 Nd4 27.
Nxc8 Rxc8 28. Nd5 Nc6 29. Ne7+ 1-0

[Event "Bayern-chTT (RL Sued-Ost)"]
[Site "Bayern 2008/09"]
[Date "2008.10.26"]
[Round "2.6"]
[White "Kampert, Andreas"]
[Black "Hock, Martin"]
[Result "1-0"]
[WhiteElo "2057"]
[BlackElo "1990"]
[PlyCount "161"]
[EventDate "2009.03.??"]
[EventType "team-tourn"]
[EventRounds "9"]
[WhiteTeam "Ilmmünster 1"]
[BlackTeam "Gräfelfing 1"]

1. e4 e5 2. Nf3 Nc6 3. Bb5 a6 4. Ba4 Nf6 5. O-O Be7 6. Re1 b5 7. Bb3 O-O 8. c3
d6 9. h3 Bb7 10. d4 Re8 11. Nbd2 Bf8 12. Bc2 exd4 13. cxd4 Nb4 14. Bb1 c5 15.
d5 a5 16. Nf1 c4 17. Bg5 g6 18. Ng3 h6 19. Be3 Bg7 20. Qd2 Kh7 21. Nd4 Ba6 22.
f3 Nd7 23. a3 Nd3 24. Bxd3 cxd3 25. Qxd3 Ne5 26. Qb3 a4 27. Qc2 Rc8 28. Nc6
Nxc6 29. dxc6 Bb7 30. Qd2 Bxc6 31. Rad1 Qf6 32. Bd4 Qxd4+ 33. Qxd4 Bxd4+ 34.
Rxd4 d5 35. Rc1 dxe4 36. fxe4 Re5 37. Kf2 Bb7 38. Rxc8 Bxc8 39. Ne2 Be6 40. Nc3
Kg7 41. Kf3 Kf6 42. Rb4 Bc4 43. Nxa4 Bf1 44. Nc3 Rg5 45. Nd5+ Ke5 46. Ne3 Bd3
47. Ng4+ Ke6 48. Nxh6 f5 49. exf5+ gxf5 50. g4 fxg4+ 51. Nxg4 Rh5 52. Kg3 Bf1
53. h4 Bd3 54. Nf2 Bf1 55. Ne4 Ke5 56. Nc3 Kd6 57. Rg4 Kc6 58. Rg6+ Kc5 59. Rg4
Rh8 60. Rf4 Bd3 61. Kf2 Rh5 62. Ke3 Bg6 63. Ne4+ Bxe4 64. Rxe4 Rf5 65. Rf4 Re5+
66. Kd3 Rd5+ 67. Kc2 Re5 68. Rb4 Re2+ 69. Kd3 Rh2 70. Ke3 Rh3+ 71. Kf2 Rh2+ 72.
Kg3 Rh1 73. Kg4 Rg1+ 74. Kh5 Rg2 75. Kh6 Kc6 76. h5 Kc5 77. Kh7 Kc6 78. h6 Kc5
79. Kh8 Rg6 80. Rh4 Rg2 81. h7 1-0

[Event "Bayern-chTT (RL Sued-Ost)"]
[Site "Bayern 2008/09"]
[Date "2008.10.26"]
[Round "2.7"]
[White "Soergel, Thomas"]
[Black "Niedermeier, Thomas(90)"]
[Result "1-0"]
[WhiteElo "1937"]
[BlackElo "1983"]
[PlyCount "93"]
[EventDate "2009.03.??"]
[EventType "team-tourn"]
[EventRounds "9"]
[WhiteTeam "Gräfelfing 1"]
[BlackTeam "Ilmmünster 1"]

1. c4 Nf6 2. g3 g6 3. Bg2 Bg7 4. Nf3 O-O 5. O-O c5 6. Nc3 d5 7. cxd5 Nxd5 8.
Qb3 Nb6 9. Ne4 c4 10. Qc2 Nc6 11. Rd1 Bf5 12. Kf1 Bg4 13. Qb1 e5 14. h3 Bxf3
15. Bxf3 f5 16. Nc3 e4 17. Bg2 Nd5 18. Nxd5 Qxd5 19. d4 Rad8 20. e3 Qb5 21. Kg1
Nb4 22. Bd2 Nd3 23. b3 cxb3 24. axb3 a6 25. Bf1 Rc8 26. Ra5 Qc6 27. Bxd3 exd3
28. Qxd3 Qc2 29. Bb4 Qxd3 30. Rxd3 Rc1+ 31. Kg2 Rfc8 32. Rc5 Bf8 33. Rxc8 Rxc8
34. Rc3 Rxc3 35. Bxc3 Kf7 36. f3 Ke6 37. e4 Bd6 38. d5+ Kd7 39. g4 fxe4 40.
fxe4 Bc7 41. e5 a5 42. Kf3 b5 43. Ke4 a4 44. bxa4 bxa4 45. Bb4 Bb8 46. e6+ Ke8
47. d6 1-0

[Event "Bayern-chTT (RL Sued-Ost)"]
[Site "Bayern 2008/09"]
[Date "2008.10.26"]
[Round "2.8"]
[White "Baier, Herbert(65)"]
[Black "Seifried, Johannes"]
[Result "1-0"]
[WhiteElo "2004"]
[BlackElo "1816"]
[PlyCount "79"]
[EventDate "2009.03.??"]
[EventType "team-tourn"]
[EventRounds "9"]
[WhiteTeam "Ilmmünster 1"]
[BlackTeam "Gräfelfing 1"]

1. e4 c6 2. d4 d5 3. exd5 cxd5 4. Bd3 Nf6 5. c3 Nc6 6. Bf4 e6 7. Nf3 Be7 8. O-O
O-O 9. Nbd2 Nh5 10. Be3 f5 11. Ne5 Nxe5 12. dxe5 g6 13. f4 b6 14. Nf3 Ng7 15.
Kh1 Bb7 16. Nd4 Bc5 17. Rf3 a6 18. Rh3 b5 19. Nxf5 Bxe3 20. Nh6+ Kh8 21. Rxe3
Rxf4 22. Rf3 Qf8 23. Be2 Nh5 24. Rxf4 Nxf4 25. Ng4 Nxe2 26. Qxe2 Qe7 27. Nf6
Rd8 28. Qf2 Qc7 29. Re1 Qc4 30. Qb6 Qc8 31. Qe3 Qc7 32. Qf4 Qe7 33. Qh4 Rc8 34.
Rf1 Qg7 35. Qg5 Ra8 36. Ng4 Rf8 37. Nf6 Rc8 38. Rf3 h6 39. Rh3 Qf8 40. Rxh6+
1-0

[Event "Bayern-chTT (RL Sued-Ost)"]
[Site "Bayern 2008/09"]
[Date "2008.11.30"]
[Round "3.1"]
[White "Geller, Arpad"]
[Black "Riedel, Wolfgang(52)"]
[Result "1/2-1/2"]
[WhiteElo "2133"]
[BlackElo "2209"]
[PlyCount "26"]
[EventDate "2009.03.??"]
[EventType "team-tourn"]
[EventRounds "9"]
[WhiteTeam "Passau 2"]
[BlackTeam "Gräfelfing 1"]

1. d4 Nf6 2. c4 c5 3. e3 e6 4. Nc3 d5 5. Nf3 Nc6 6. Bd3 dxc4 7. Bxc4 a6 8. a4
Be7 9. O-O O-O 10. Qd3 cxd4 11. exd4 Nb4 12. Qe2 h6 13. Bf4 Nbd5 1/2-1/2